Outsourcing: decision making in case of outsourcing the company activity and management of outsourcing project

Teoretický pohľad na pojem outsourcing. Základ analýzy, ktorá bola vypracovaná porovnaním mnohých literárnych prameňov. Materiál a metódy. Výskumné metódy, štatistické metódy deskriptívnej štatistiky. Výsledky.

Guardado en:
Detalles Bibliográficos
Autor principal: Milecová, Miroslava
Otros Autores: Grznár, Miroslav, Szabo, Ľuboslav
Formato: Capítulo de libro
Lenguaje:inglés
Materias:
Etiquetas: Agregar Etiqueta
Sin Etiquetas, Sea el primero en etiquetar este registro!

MARC

LEADER 00000nla$a2200000$$$4500
001 0114684
005 20221107084345.3
041 0 |a eng 
044 |a SK 
245 1 0 |a Outsourcing: decision making in case of outsourcing the company activity and management of outsourcing project  |c Miroslava Milecová, Miroslav Grznár, Ľuboslav Szabo 
520 |a Teoretický pohľad na pojem outsourcing. Základ analýzy, ktorá bola vypracovaná porovnaním mnohých literárnych prameňov. Materiál a metódy. Výskumné metódy, štatistické metódy deskriptívnej štatistiky. Výsledky. 
610 2 0 |a outsourcing 
610 2 0 |a manažment 
610 2 0 |a offshoring 
610 2 0 |a rozhodovanie 
610 2 0 |a riziko 
610 2 0 |a projekty 
610 2 0 |a výskum 
610 2 0 |a metódy matematicko-štatistické 
100 1 |a Milecová, Miroslava 
700 1 |a Grznár, Miroslav 
700 1 |a Szabo, Ľuboslav